1459 1250 1718 1684 1606 1752 1888 1353 1161 1529 1537 1590 1355 1438 1547 1276 1638 1163 1112 1625 1411 1651 1681 1038 1570 1651 1841 1446 1601 1086 1912 1155 1889 1906 1166 1718 1909 1878 1373 1431 1483 1049 1321 1520 1380 1071 1969 1842 1545 1857 1278 1289 1944 1776 1082 1258 1288 1889 1803 1532 1014 1475 1830 1840 1063 1086 1271 1529 1542 1531 1511 1188 1096 1409 1486 1082 1545 1483 1874 1749 1019 1280 1210 1505 1113 1376 1825 1424 1642 1820 1775 1628 1460 1693 1434 1271 1276 1744 1360 BCNSPRNW ULIB Ver.6.0+V

เปลี่ยนเป็นภาษาไทย

Change to English
 แสดงรายละเอียดบรรณานุกรม
  กลับหน้าหลัก

Brief Record : Get Marc (ISO 2709) : E-mail record : QR code < ปิดหน้าต่าง
LEADER : 00000nam 2200000uu 4500
001    13399111587
003     ULIB
008    110703s||||||||th 000 0 tha d
020    9786165070065
050  4 BQ4570^bป384ธ 2552
245 00 ธรรมสัญจรสู่มูลนิธิพุทธฉือจี้ /^cสำนักงานคณะกรรมการการศึกษาขั้นพื้นฐาน
250    พิมพ์ครั้งที่ 1
260    กรุงเทพฯ :^bสำนักพิมพ์หมอชาวบ้าน,^c2552
300    239 หน้า :^bภาพประกอบ ;^c21 ซม.
650  7 ธรรมะ
650  7 มูลนิธิพุทธฉือจี้
945    ^p190^l0^i028565
995    ทศพร
999 ^a ใช้งานได้ทุกระบบ
รายการนี้ยังไม่มีแท็ก
คุณยังไม่ได้ล็อกอิน คุณสามารถมีกิจกรรมร่วมกับเว็บไซต์ได้ แต่ต้องล็อกอินก่อน ::
  ล็อกอิน

รายการสื่อสารสนเทศ

ลำดับที่ ประเภท เลขเรียก/บาร์โค้ด สถานที่ สถานะ
- ไม่พบข้อมูล -

รายการใกล้เคียง
    หัวเรื่อง [ธรรมะ]
    หัวเรื่อง [มูลนิธิพุทธฉือจี้]

BibComment


ยังไม่เคยถูกคอมเมนท์

คอมเมนท์ทรัพยากรรายการนี้
  คอมเมนท์: ธรรมสัญจรสู่มูลนิ..


 Copyright 2026. Bcnsprnw @Library